| 000 | 00382nam a22001577a 4500 | ||
|---|---|---|---|
| 003 | macl | ||
| 005 | 20160121130434.0 | ||
| 008 | 160121b xxu||||| |||| 00| 0 eng d | ||
| 040 | _cmacl | ||
| 041 | _aEnglish | ||
| 082 | _a415.21 | ||
| 245 | _aGrammar For Competitive Examinations | ||
| 260 |
_aNew Delhi _bSudha Publications _c1979 |
||
| 650 |
_aGrammar _933894 |
||
| 942 |
_2ddc _cBK |
||
| 999 |
_c52830 _d52830 |
||